| 000 | 00968nam a2200289 a 4500 | ||
|---|---|---|---|
| 001 | 61436 | ||
| 003 | BD-RjUL | ||
| 005 | 20211209080950.0 | ||
| 008 | 170118s1945 enkb b 001 0 eng | ||
| 035 | _a(BD-RjUL)61560 | ||
| 040 |
_aDLC _cOCU _dOCU _dBD-RjUL _beng |
||
| 041 | _aeng | ||
| 082 |
_a386.3 _223 _bMAI 1945 |
||
| 100 | 1 |
_aMance, Osborne, _d1875-1966. _9183139 |
|
| 245 | 1 | 0 |
_aInternational river and canal transport / _cby Brig.-Gen. Sir Osborne Mance assisted by J. E. Wheeler. |
| 260 |
_aLondon : _bOxford university press, _c1945. |
||
| 300 |
_aviii, 115 p. : _bill. ; _c22 cm. |
||
| 500 | _aInclude index | ||
| 650 | 0 |
_aInternational rivers. _9183141 |
|
| 650 | 0 |
_aCanals. _9183142 |
|
| 650 | 0 |
_aInland navigation. _9183143 |
|
| 700 | 1 |
_aWheeler, J. E. _9183144 |
|
| 710 | 2 |
_aRoyal Institute of International Affairs. _9183145 |
|
| 942 |
_2ddc _cBK |
||
| 999 |
_c61436 _d61436 |
||